Manažérske aspekty športu

Salvato in:
Dettagli Bibliografici
Autore principale: Glesk, Pavol, 1931- (Autore)
Natura: Libro
Lingua:slovacco
Pubblicazione: Bratislava : Peter Mačura - PEEM, 2000
Edizione:1. vyd.
Soggetti:
Tags: Aggiungi Tag
Nessun Tag, puoi essere il primo ad aggiungerne!!

MARC

LEADER 00000nam a22000003a 4500
001 stu78887
005 20220401125826.8
008 030131s2000----xo------------------slo-d
020 |a 80-88901-40-5 
040 |a STU  |b slo 
041 0 |a slo 
044 |a xo 
080 |a 796 
100 1 |a Glesk, Pavol,  |d 1931-  |4 aut  |u M340  |U MTF Ústav inžinierskej pedagogiky a humatitných vied  |T MTF Katedra telesnej výchovy a športu  |X 260  |U M340  |Y M340  |7 A000000260 
245 1 |a Manažérske aspekty športu 
250 |a 1. vyd. 
260 |a Bratislava :  |b Peter Mačura - PEEM,  |c 2000 
300 |a 127 s 
650 7 |a šport  |2 stusub 
650 7 |a výchova telesná  |2 stusub 
996 |b 284M038989  |c M*11033-1  |l MMKN  |s A  |a 24  |w stu78887_0001